00513nam a2200193 a 4500001001300000003000900013005001700022008004100039020001200080082001300092100001600105245008100121260003100202300000900233500003500242505001000277650001600287700001600303nice12345678IN_TiNIC20260116011629.0050524s1960 lona grp 000 0 eng  ac244.800a259bWAN aWand, J W C aChurch Todayb Brief Description of the Christian Church in Its External Var aLondonbPenguin Bookc1960 a192p aincludes index and biblioraphy2 aIndex aChurch-Work1 aWand, J W C